000 01827nam a22002777a 4500
003 UA-OsUOA
001 130690
007 ta
008 20180508b un ||||| |||| 00| 0 ukr d
090 _bC-67
942 _cMGN
040 _aUA-OsUOA
_beng
_cUA-OsUOA
_dUA-OsUOA
245 _aCogito
_cEditor in-chief PROF. GABRIELA POHOATA, Ph.D HAB. - "DIMITRIE CANTEMIR"
955 _a1
041 _aeng
856 4 0 _uhttp://cogito.ucdc.ro/cogito-march2017.pdf
520 3 _aThe "Cogito" Journal of "Dimitrie Cantemir" Christian University, Bucharest, is a journal of scientific pluridisciplinary research which includes the following domains: philosophy, political sciences, economic sciences, judicial sciences, foreign lang
520 3 _auages, history of ideas. The issue of the journal, suggestively entitled "Cogito" is an exceptional editorial event, which proves the special interest for scientific and philosophic research activity in our academic community. This matter drew the par
520 3 _aticipation, with studies and articles, to establishing the first issue of certain distinguished academicians, Ph.D.Professors Alexandru Boboc (University of Bucharest), Teodor Dima ("Al. I.Cuza" university, Iasi) as well as remarkable professors, from
520 3 _aour university and other high education institutions from Bucharest, Iasi and foreign countries. By thematic, the studies and articles address to not only specialists, though a wider public interested in the development of contemporary ideas. "Cogito
520 3 _a" Journal appears four times a year, the first issue appearing in 16th of July 2009 with the support of PROUniversitaria Publishing House, Bucharest.
260 _c2017
246 3 1 _aOpen access journal
_n1
650 7 _2UDC
999 _c418908
_d418908